00548nam a2200169 i 4500001000700000003000900007005001700016008004100033080003000074245004100104250001500145260006100160300003000221504003400251600004000285852005300325183334ES-MaACL20231102120316.0140324s2012 sp |||| | spa d a929 Artero Bernad, Manuel00aManuel Artero al servicio de Huesca. a[1ª ed.]. aHuesca : bInstituto de Estudios Altoaragoneses, c2012. a176 p. : bil. ; c24 cm. aReferencias bibliográficas.14aArtero Bernad, Manuel (d1910-1973) aES-MaACLjA-13074bR.149935cDEPO1dOlim: N-6074